Easing the affordable burden (Record no. 66739)
[ view plain ]
| 000 -LEADER | |
|---|---|
| fixed length control field | 00987cam a2200229 4500 |
| 001 - CONTROL NUMBER | |
| control field | ABS63864 |
| 008 - FIXED-LENGTH DATA ELEMENTS--GENERAL INFORMATION | |
| fixed length control field | 000000n2001 000 0 eng u |
| 035 ## - SYSTEM CONTROL NUMBER | |
| System control number | (Sirsi) u112066 |
| 100 ## - MAIN ENTRY--PERSONAL NAME | |
| Personal name | Parker, D. |
| 245 ## - TITLE STATEMENT | |
| Title | Easing the affordable burden |
| 260 ## - PUBLICATION, DISTRIBUTION, ETC. | |
| Date of publication, distribution, etc. | 2001 |
| 490 ## - SERIES STATEMENT | |
| Series statement | HouseBuilder |
| Volume/sequential designation | April 2001, 30-31(2) |
| 520 ## - SUMMARY, ETC. | |
| Summary, etc. | Debates the problems associated with rules that force housebuilders to provide affordable housing. Advises housebuilders on how to interpret Circular 6/98 and in particular some sections which clarify the imposition of the housebuilding obligations including when they can be challenged. Warns that any future government would be unlikely to increase public subsidy leading to further demands on developers to provide affordable housing. |
| 590 ## - LOCAL NOTE (RLIN) | |
| Local note | ABS |
| 650 ## - SUBJECT ADDED ENTRY--TOPICAL TERM | |
| Topical term or geographic name entry element | HOUSE BUILDERS |
| 650 ## - SUBJECT ADDED ENTRY--TOPICAL TERM | |
| Topical term or geographic name entry element | PPG3 |
| 650 ## - SUBJECT ADDED ENTRY--TOPICAL TERM | |
| Topical term or geographic name entry element | LOCAL PLANNING AUTHORITIES |
| 650 ## - SUBJECT ADDED ENTRY--TOPICAL TERM | |
| Topical term or geographic name entry element | DOE CIRCULAR 06/1998 |
| 650 ## - SUBJECT ADDED ENTRY--TOPICAL TERM | |
| Topical term or geographic name entry element | COUNCIL HOUSING |
| 690 ## - LOCAL SUBJECT ADDED ENTRY--TOPICAL TERM (OCLC, RLIN) | |
| Topical term or geographic name as entry element | HOUSING |
| 942 ## - ADDED ENTRY ELEMENTS (KOHA) | |
| Suppress in OPAC | 0 |
| Withdrawn status | Lost status | Source of classification or shelving scheme | Damaged status | Not for loan | Home library | Current library | Shelving location | Date acquired | Total Checkouts | Full call number | Barcode | Date last seen | Copy number | Price effective from | Koha item type |
|---|---|---|---|---|---|---|---|---|---|---|---|---|---|---|---|
| Dewey Decimal Classification | London | London | Journal article | 19/04/2001 | ABS63864 | 112066-1001 | 06/08/2019 | 1 | 06/08/2019 | Journal article |